[Event "Lichtenrader Herbst 2016"]
[Site "Berlin-Lichtenrade"]
[Date "2016.10.26"]
[Round "5.12"]
[White "Heerde, Thomas"]
[Black "Gruzmann, Boris"]
[Result "0-1"]
[WhiteElo "2044"]
[BlackElo "2253"]
[PlyCount "74"]
[EventDate "2016.??.??"]
[WhiteTeam "SC Weisse Dame (Berlin)"]
[BlackTeam "Lübecker SV"]

1. Nf3 g6 2. g3 Bg7 3. Bg2 e5 4. O-O Nc6 5. e4 d6 6. c3 Nge7 7. Re1 O-O 8. d4
exd4 9. cxd4 Bg4 10. Be3 d5 11. e5 Qd7 12. Nc3 f6 13. Qb3 Na5 14. Qb4 Bxf3 15.
e6 Nac6 16. Qxb7 Qd6 17. Bf4 Ne5 18. dxe5 fxe5 19. Bxf3 Rfb8 20. Nb5 Rxb7 21.
Nxd6 cxd6 22. Bg5 e4 23. Bg2 Nf5 24. Rad1 Rxb2 25. Rxd5 Bd4 26. Rxe4 Bxf2+ 27.
Kf1 Bc5 28. g4 Rf2+ 29. Ke1 Rxg2 30. gxf5 Rxg5 31. Rxc5 dxc5 32. f6 Rf5 33. f7+
Kf8 34. Kd2 Ke7 35. Kc3 Rf6 36. Rh4 Kxe6 37. Rxh7 Rxf7 0-1

[Event "Lichtenrader Herbst 2016"]
[Site "Berlin-Lichtenrade"]
[Date "2016.10.26"]
[Round "5.13"]
[White "Schnabel, Ralf"]
[Black "Zschaebitz, Klaus"]
[Result "1-0"]
[WhiteElo "2234"]
[BlackElo "2063"]
[PlyCount "83"]
[EventDate "2016.??.??"]
[WhiteTeam "ESV Nickelhütte Aue"]
[BlackTeam "BSG 1827 Eckbauer e.V."]

1. e4 e6 2. d4 d5 3. Nd2 h6 4. Bd3 c5 5. exd5 Qxd5 6. dxc5 Nf6 7. Ngf3 Bxc5 8.
O-O Nc6 9. Qe2 O-O 10. c4 Qd8 11. Rd1 Qc7 12. Nb3 Be7 13. Nbd4 Nxd4 14. Nxd4
Bd7 15. b3 Rfd8 16. Bb2 Kf8 17. Rac1 Qf4 18. g3 Qg4 19. Qxg4 Nxg4 20. Be4 Rab8
21. h3 Nf6 22. Bf3 Rdc8 23. Kg2 Ne8 24. Nf5 Bc6 25. Nxe7 Kxe7 26. Ba3+ Kf6 27.
Bxc6 Rxc6 28. Rd7 Rc7 29. Rcd1 Rbc8 30. f4 h5 31. Rxc7 Nxc7 32. Rd7 Kg6 33. Bd6
Ne8 34. Be5 f6 35. Bd4 b5 36. c5 Nc7 37. b4 a6 38. Kf3 Nd5 39. a3 Rc6 40. g4
hxg4+ 41. hxg4 Nc7 42. Rd6 1-0

[Event "Lichtenrader Herbst 2016"]
[Site "Berlin-Lichtenrade"]
[Date "2016.10.26"]
[Round "5.14"]
[White "Sliwicka, Alicja"]
[Black "Schnabel, Bennett"]
[Result "1/2-1/2"]
[WhiteElo "2144"]
[BlackElo "1948"]
[PlyCount "100"]
[EventDate "2016.??.??"]
[WhiteTeam "UKS OPP TORUN"]
[BlackTeam "SV Mattnetz Berlin"]

1. e4 c5 2. Nf3 g6 3. d4 cxd4 4. Nxd4 Nc6 5. c4 Nf6 6. Nc3 d6 7. Be2 Nxd4 8.
Qxd4 Bg7 9. Be3 O-O 10. Qd2 a5 11. f3 a4 12. O-O Qa5 13. Rab1 Be6 14. Nd5 Bxd5
15. Qxa5 Rxa5 16. cxd5 Nd7 17. Rfc1 Nc5 18. Kf1 f5 19. b4 axb3 20. axb3 fxe4
21. b4 Ra3 22. Bxc5 dxc5 23. bxc5 exf3 24. Bxf3 Ra7 25. Ke2 Be5 26. h3 Rc8 27.
Kd3 Kf8 28. Bg4 Rc7 29. Ke4 Bh2 30. Rc4 Ra2 31. Bf3 Ra6 32. Kd4 Bg3 33. Rb2 Bh4
34. Ke4 Bg3 35. Bg4 Rf6 36. Kd3 Rf1 37. Be6 Kg7 38. Re2 Rf2 39. Rxf2 Bxf2 40.
d6 exd6 41. cxd6 Rxc4 42. Kxc4 Kf6 43. Kd5 h5 44. Bc8 Kf7 45. Bxb7 Ke8 46. Bc6+
Kd8 47. Ke4 g5 48. Ba4 h4 49. Kf3 Bg3 50. Kg4 Bf4 1/2-1/2

[Event "Lichtenrader Herbst 2016"]
[Site "Berlin-Lichtenrade"]
[Date "2016.10.26"]
[Round "5.15"]
[White "Pueschel, Werner"]
[Black "Barath, Madhan"]
[Result "1-0"]
[WhiteElo "2013"]
[BlackElo "2125"]
[PlyCount "109"]
[EventDate "2016.??.??"]
[WhiteTeam "Lasker Steglitz-Wilmersdorf"]
[BlackTeam "SC Zugzwang 95 e.V."]

1. c3 d5 2. d3 e5 3. g3 Nc6 4. Bg2 Be6 5. Qc2 h5 6. Nf3 f6 7. b4 Qd7 8. e4 Nge7
9. a3 g5 10. h4 g4 11. Nh2 f5 12. Bg5 Ng6 13. exf5 Bxf5 14. O-O Be7 15. Bxe7
Ncxe7 16. Nd2 O-O-O 17. Rfe1 Qb5 18. Bf1 Qb6 19. Nb3 Rhf8 20. Nc5 Kb8 21. Bg2
Bc8 22. Nf1 Qf6 23. Qd2 Rf7 24. Ra2 c6 25. a4 Rdf8 26. Nb3 Nf5 27. b5 Nfxh4 28.
gxh4 Nxh4 29. Qe3 Re8 30. bxc6 Qxc6 31. Qc5 Qg6 32. Kh1 b6 33. Qb5 Bd7 34. Qb4
Rf4 35. d4 Nf3 36. Nc5 Nxe1 37. Nxd7+ Kc7 38. Qb5 Qf5 39. Nxe5 Rxe5 40. dxe5
Rxf2 41. Rxf2 Qxf2 42. Bxd5 Qc5 43. Qxc5+ bxc5 44. Be4 Kd7 45. Ne3 Ke6 46. Nc4
g3 47. Kg1 g2 48. Bxg2 Nd3 49. Bh3+ Ke7 50. Kh2 Nf4 51. Ne3 Nd3 52. Nd5+ Ke8
53. e6 a5 54. Bf5 Nb2 55. Bg6+ 1-0

[Event "Lichtenrader Herbst 2016"]
[Site "Berlin-Lichtenrade"]
[Date "2016.10.26"]
[Round "5.16"]
[White "Hofene, Dieter"]
[Black "Krefenstein, Sergej"]
[Result "1/2-1/2"]
[WhiteElo "2056"]
[BlackElo "2176"]
[PlyCount "83"]
[EventDate "2016.??.??"]
[WhiteTeam "SF Beelen 1984 e.V."]
[BlackTeam "TuS Makkabi Berlin"]

1. e4 e6 2. d4 d5 3. Nc3 Nf6 4. Bg5 Bb4 5. Nge2 h6 6. Bxf6 Qxf6 7. a3 Ba5 8.
exd5 O-O 9. b4 Bb6 10. Qd3 Rd8 11. g3 exd5 12. Bg2 Bf5 13. Qd2 c6 14. O-O Nd7
15. Nd1 Qd6 16. Ne3 Bh7 17. c4 dxc4 18. Nxc4 Qf6 19. Rad1 Bc7 20. d5 cxd5 21.
Qxd5 Rab8 22. Qf3 Qxf3 23. Bxf3 Bf5 24. Nd4 Bh3 25. Bg2 Bxg2 26. Kxg2 Ne5 27.
Nxe5 Bxe5 28. Nb3 b6 29. a4 a6 30. a5 bxa5 31. Nxa5 Rdc8 32. Rc1 Bc3 33. Rfd1
Rxb4 34. Rd6 Rc5 35. Rd3 Rxa5 36. Rcxc3 Rab5 37. Rd8+ Kh7 38. Ra8 Rb6 39. Rc2
Kg6 40. Ra2 Rb3 41. R8xa6 Rxa6 42. Rxa6+ 1/2-1/2

[Event "Lichtenrader Herbst 2016"]
[Site "Berlin-Lichtenrade"]
[Date "2016.10.26"]
[Round "5.17"]
[White "Noetzel, Felix"]
[Black "Tham, Minh"]
[Result "1-0"]
[WhiteElo "2209"]
[BlackElo "1681"]
[PlyCount "45"]
[EventDate "2016.??.??"]
[WhiteTeam "SF 1903 Berlin"]
[BlackTeam "SC Weisse Dame (Berlin)"]

1. e4 e5 2. Nf3 Nc6 3. d4 exd4 4. c3 d5 5. exd5 Qxd5 6. cxd4 Bg4 7. Nc3 Bb4 8.
Be2 O-O-O 9. O-O Qa5 10. Be3 Nge7 11. Ne4 Nf5 12. a3 Be7 13. b4 Qb6 14. Nc5
Bxf3 15. Bxf3 Nfxd4 16. Bxc6 Nxc6 17. Qg4+ Kb8 18. Nd7+ Rxd7 19. Bxb6 Rd6 20.
Bc5 Rg6 21. Qe2 Bxc5 22. bxc5 Nd4 23. Qd3 1-0

[Event "Lichtenrader Herbst 2016"]
[Site "Berlin-Lichtenrade"]
[Date "2016.10.26"]
[Round "5.18"]
[White "Triebus, Bruno"]
[Black "Giemsa, Stephan"]
[Result "0-1"]
[WhiteElo "1969"]
[BlackElo "2270"]
[PlyCount "102"]
[EventDate "2016.??.??"]
[WhiteTeam "SC Schwarz-Weiß Lichtenrade e.V."]
[BlackTeam "SK König Tegel 1949 e.V."]

1. e4 e6 2. d4 d5 3. Nc3 Nf6 4. exd5 exd5 5. Bd3 Nc6 6. Nge2 Nb4 7. Bg5 Nxd3+
8. Qxd3 Be7 9. Nf4 O-O 10. O-O c6 11. Bh4 h6 12. Bg3 Re8 13. Qd2 Bf5 14. f3 Qb6
15. Rab1 Nd7 16. Kh1 Bf6 17. Bf2 Bg5 18. Bg3 Nf8 19. h4 Bf6 20. Bf2 Ng6 21.
Nxg6 Bxg6 22. b3 Qd8 23. g3 Qd7 24. Kg2 Qf5 25. Rbc1 h5 26. Ne2 Be7 27. c3 Ba3
28. Rcd1 Bd6 29. Nf4 Bxf4 30. gxf4 Re6 31. Rfe1 Rae8 32. Re5 Rxe5 33. dxe5 b6
34. b4 Qe6 35. a4 Bf5 36. Kh2 Qc8 37. a5 bxa5 38. bxa5 Qa6 39. Ra1 Rb8 40. Qd4
Rb2 41. Rg1 Qe2 42. Kg3 a6 43. Qe3 Qc2 44. Rc1 Qa4 45. Qc5 Qa2 46. c4 dxc4 47.
e6 Bxe6 48. f5 Bd5 49. Re1 Rb3 50. Re8+ Kh7 51. Be3 Qe2 0-1

[Event "Lichtenrader Herbst 2016"]
[Site "Berlin-Lichtenrade"]
[Date "2016.10.26"]
[Round "5.19"]
[White "Rettore, Ludwig"]
[Black "Buttkus, Andre"]
[Result "1/2-1/2"]
[WhiteElo "2087"]
[BlackElo "2024"]
[PlyCount "47"]
[EventDate "2016.??.??"]
[WhiteTeam "Il Castelletto"]
[BlackTeam "SK Tempelhof 1931"]

1. Nf3 c5 2. e4 e6 3. d4 cxd4 4. Nxd4 Nc6 5. Nb5 d6 6. c4 Nf6 7. N1c3 a6 8. Na3
Be7 9. Be2 b6 10. Be3 Bb7 11. Qb3 Nd7 12. O-O O-O 13. Rac1 Nc5 14. Qd1 Nb4 15.
Nc2 Nxc2 16. Qxc2 Rc8 17. b4 Nd7 18. Qb3 Bf6 19. Rfd1 Qc7 20. Bf4 Be5 21. Bxe5
Nxe5 22. Qb1 Qe7 23. Na4 Qc7 24. Nc3 1/2-1/2

[Event "Lichtenrader Herbst 2016"]
[Site "Berlin-Lichtenrade"]
[Date "2016.10.26"]
[Round "5.20"]
[White "Welz, Peter"]
[Black "Sulayev, Daniel"]
[Result "1-0"]
[WhiteElo "2085"]
[BlackElo "1924"]
[PlyCount "83"]
[EventDate "2016.??.??"]
[WhiteTeam "SV Empor Berlin e.V."]
[BlackTeam "SV Empor Berlin e.V."]

1. e4 d6 2. d4 Nf6 3. Nc3 g6 4. f4 Bg7 5. Nf3 O-O 6. Bd3 Nc6 7. e5 Nd7 8. h4
Nb4 9. h5 Nxd3+ 10. Qxd3 Nb6 11. hxg6 fxg6 12. Ng5 Bf5 13. Qg3 h6 14. Nf3 e6
15. Nh4 Qe8 16. Nxf5 exf5 17. Bd2 d5 18. O-O-O c6 19. Kb1 Qe6 20. Ne2 a5 21.
Rh3 Nc4 22. Bc1 b5 23. Rdh1 Kf7 24. Ng1 Rh8 25. Nf3 Rag8 26. b3 Nb6 27. Rxh6
Bxh6 28. Rxh6 Ke8 29. Ng5 Qe7 30. Rxh8 Rxh8 31. Qc3 Qb7 32. Qxa5 Rh1 33. Qb4
Qe7 34. Qc3 Kd7 35. Qa5 Nc8 36. Kb2 Rg1 37. Bd2 Rxg2 38. Bb4 Qd8 39. e6+ Ke8
40. Qa6 Ne7 41. Bxe7 Kxe7 42. Qb7+ 1-0

[Event "Lichtenrader Herbst 2016"]
[Site "Berlin-Lichtenrade"]
[Date "2016.10.26"]
[Round "5.21"]
[White "Shoipov, Dennie"]
[Black "Hartmann, Jakob"]
[Result "1/2-1/2"]
[WhiteElo "1823"]
[BlackElo "2037"]
[PlyCount "83"]
[EventDate "2016.??.??"]
[BlackTeam "SV Königsjäger Süd-West e.V."]

1. e4 c5 2. Nf3 d6 3. d4 cxd4 4. Nxd4 Nf6 5. Nc3 Nc6 6. Be2 g6 7. Be3 Bg7 8.
O-O O-O 9. Nb3 Be6 10. Nd4 Bd7 11. Re1 Rc8 12. Bd3 a6 13. f3 Ne5 14. Nde2 b5
15. Bd4 Nc6 16. Be3 Na5 17. a4 Nc4 18. Bxc4 bxc4 19. Bd4 Qa5 20. Qd2 Bc6 21.
Reb1 Rb8 22. Be3 Rfd8 23. Nf4 e6 24. Nfe2 Ba8 25. b3 d5 26. e5 Nd7 27. f4 Qc7
28. b4 Qb7 29. b5 a5 30. Nd4 Qc7 31. b6 Nxb6 32. Ncb5 Qe7 33. Qxa5 c3 34. Qxc3
Nc4 35. Bf2 f6 36. exf6 Qxf6 37. Qh3 Re8 38. Nc7 Rec8 39. Ncxe6 Bh8 40. c3 Nd2
41. Rd1 Ne4 42. Rab1 1/2-1/2

[Event "Lichtenrader Herbst 2016"]
[Site "Berlin-Lichtenrade"]
[Date "2016.10.26"]
[Round "5.22"]
[White "Heuer, Thomas"]
[Black "Dathe, Frederick"]
[Result "1/2-1/2"]
[WhiteElo "2127"]
[BlackElo "1909"]
[PlyCount "84"]
[EventDate "2016.??.??"]
[WhiteTeam "TSG Neuruppin"]
[BlackTeam "SC Kreuzberg"]

1. d4 Nf6 2. Nf3 g6 3. c4 Bg7 4. Nc3 d6 5. e4 O-O 6. Be2 Nbd7 7. O-O e5 8. Re1
c6 9. Bf1 Re8 10. d5 Qc7 11. Rb1 a6 12. a3 cxd5 13. cxd5 b5 14. Bd2 Nb6 15. b3
Bd7 16. Na2 Qb7 17. Bd3 Rec8 18. a4 Rcb8 19. axb5 Bxb5 20. Bxb5 axb5 21. Nb4
Nbd7 22. Qc2 Rc8 23. Nc6 Nc5 24. Bb4 Rxc6 25. dxc6 Qxc6 26. Bxc5 dxc5 27. Nxe5
Qc7 28. Nf3 Ng4 29. h3 Ne5 30. Nxe5 Bxe5 31. Red1 Qb6 32. Rd5 Bd4 33. b4 cxb4
34. Rxb4 Bxf2+ 35. Kh1 Ra1+ 36. Rb1 Rxb1+ 37. Qxb1 b4 38. Qb3 Be1 39. Rd1 Qf2
40. Qd3 b3 41. Qxb3 Qf1+ 42. Kh2 Qf4+ 1/2-1/2

[Event "Lichtenrader Herbst 2016"]
[Site "Berlin-Lichtenrade"]
[Date "2016.10.26"]
[Round "5.23"]
[White "Seefeld, Marc"]
[Black "Federau, Juergen"]
[Result "1/2-1/2"]
[WhiteElo "1930"]
[BlackElo "2118"]
[PlyCount "144"]
[EventDate "2016.??.??"]
[WhiteTeam "Läufer Reinickendorf"]
[BlackTeam "SC Kreuzberg"]

1. e4 c5 2. Nf3 d6 3. d4 cxd4 4. Nxd4 Nf6 5. Nc3 a6 6. Be2 e5 7. Nb3 Be7 8. O-O
Be6 9. Be3 O-O 10. f3 Nbd7 11. Nd5 Nxd5 12. exd5 Bf5 13. c4 Bg6 14. f4 exf4 15.
Bxf4 Re8 16. Qd2 Nf6 17. Bf3 Ne4 18. Bxe4 Bxe4 19. Rae1 Bg6 20. Nd4 Qc7 21. b3
Bf6 22. Kh1 Qd7 23. Nf3 h6 24. Qb4 Be7 25. Re3 Bf8 26. Rfe1 Rxe3 27. Rxe3 Bh5
28. Qe1 Rc8 29. Nd2 Qf5 30. Bg3 Qd7 31. h3 Bg6 32. Nf3 Bf5 33. Kh2 Qc7 34. Nh4
Bd7 35. Qf1 b5 36. Rf3 Be8 37. Nf5 bxc4 38. bxc4 g6 39. Ne3 Rb8 40. Qc1 Qc5 41.
Ng4 Bg7 42. Bf2 Qc8 43. Nxh6+ Kf8 44. Ng4 f5 45. Qa3 Kg8 46. Ne3 Be5+ 47. Bg3
Bxg3+ 48. Kxg3 Qd8 49. Kh2 Qe7 50. Qc3 Bd7 51. Nf1 Rb1 52. Ng3 Qg5 53. Qe3 Qxe3
54. Rxe3 f4 55. Re7 fxg3+ 56. Kxg3 Bf5 57. Rc7 Rb6 58. Kf4 Bb1 59. Kg5 Rb2 60.
g4 Rxa2 61. Rd7 Rc2 62. Rxd6 Rxc4 63. Rxa6 Rc5 64. Kf6 Rxd5 65. Ra8+ Kh7 66.
Ra7+ Kh6 67. h4 Rd6+ 68. Ke5 Rb6 69. Kf4 Rb4+ 70. Kg3 Rb3+ 71. Kf4 Rb4+ 72. Kg3
Rb3+ 1/2-1/2

[Event "Lichtenrader Herbst 2016"]
[Site "Berlin-Lichtenrade"]
[Date "2016.10.26"]
[Round "5.24"]
[White "Koenig, Falk"]
[Black "Di Candia, Roberto"]
[Result "1-0"]
[WhiteElo "2037"]
[BlackElo "1874"]
[PlyCount "59"]
[EventDate "2016.??.??"]
[WhiteTeam "SF Vonkeln 1931"]
[BlackTeam "Schachfreunde Berlin"]

1. d4 g6 2. e4 c5 3. c3 cxd4 4. cxd4 d5 5. e5 Bg7 6. Nc3 Nc6 7. h3 Nh6 8. g4
O-O 9. f4 f6 10. Bg2 Be6 11. Nf3 Bf7 12. Be3 Kh8 13. Qd2 f5 14. Ng5 e6 15.
O-O-O a6 16. Kb1 Qe7 17. Nxf7+ Qxf7 18. g5 Ng8 19. h4 Nge7 20. h5 Kg8 21. Bf3
Rfd8 22. Qh2 b5 23. Ne2 b4 24. Rc1 a5 25. Ng3 a4 26. Qh3 Rdc8 27. Rh2 Na5 28.
Rch1 Nc4 29. hxg6 hxg6 30. Qh8+ 1-0

[Event "Lichtenrader Herbst 2016"]
[Site "Berlin-Lichtenrade"]
[Date "2016.10.26"]
[Round "5.25"]
[White "Huels, Marco"]
[Black "Lange, Cecilia"]
[Result "1-0"]
[WhiteElo "1969"]
[BlackElo "1854"]
[PlyCount "43"]
[EventDate "2016.??.??"]
[WhiteTeam "SV Mattnetz Berlin"]
[BlackTeam "TSG Oberschöneweide"]

1. e4 e6 2. d4 d5 3. e5 c5 4. c3 Nc6 5. Nf3 Bd7 6. Be2 Nge7 7. O-O cxd4 8. cxd4
Nf5 9. Nc3 Bb4 10. a3 Bxc3 11. bxc3 Na5 12. Bd3 O-O 13. g4 Ne7 14. Ng5 h6 15.
Nh3 f5 16. exf6 Rxf6 17. g5 hxg5 18. Bxg5 Rf8 19. Qh5 Qe8 20. Bh7+ Kh8 21. Bg6+
Kg8 22. Qh7# 1-0

[Event "Lichtenrader Herbst 2016"]
[Site "Berlin-Lichtenrade"]
[Date "2016.10.26"]
[Round "5.26"]
[White "Bolk, Matthias"]
[Black "Starke, Rene-Reiner"]
[Result "1-0"]
[WhiteElo "2078"]
[BlackElo "1937"]
[PlyCount "89"]
[EventDate "2016.??.??"]
[WhiteTeam "SC Kreuzberg e.V."]
[BlackTeam "SW Lichtenrade"]

1. e4 c6 2. d4 d5 3. e5 Bf5 4. Ne2 e6 5. Ng3 Bg6 6. h4 h6 7. h5 Bh7 8. Bd3 Bxd3
9. cxd3 Qb6 10. Be3 c5 11. dxc5 Bxc5 12. d4 Bb4+ 13. Nc3 Bxc3+ 14. bxc3 Ne7 15.
Qg4 Rg8 16. O-O Nbc6 17. f4 O-O-O 18. Rab1 Qc7 19. f5 Qd7 20. fxe6 Qxe6 21. Qf3
Rgf8 22. Ne2 f6 23. Nf4 Qf5 24. Nxd5 Qxf3 25. Nxe7+ Nxe7 26. Rxf3 fxe5 27. Rxf8
Rxf8 28. dxe5 Nc6 29. Bd4 Rf5 30. e6 Rxh5 31. Bxg7 Rh4 32. Re1 Ra4 33. e7 Nxe7
34. Rxe7 Rxa2 35. Bxh6 Rc2 36. Bg7 a5 37. Kf1 a4 38. Re2 Rc1+ 39. Kf2 Kd7 40.
g4 b5 41. g5 Rb1 42. Bf8 Rb3 43. g6 a3 44. g7 Rb2 45. Bxa3 1-0

[Event "Lichtenrader Herbst 2016"]
[Site "Berlin-Lichtenrade"]
[Date "2016.10.26"]
[Round "5.28"]
[White "Hohn, August"]
[Black "Hahlbohm, Matthias"]
[Result "0-1"]
[WhiteElo "1835"]
[BlackElo "2100"]
[PlyCount "72"]
[EventDate "2016.??.??"]
[WhiteTeam "SC Zugzwang 95 (Berlin)"]
[BlackTeam "TSG Oberschöneweide e.V."]

1. c4 e6 2. Nc3 d5 3. d4 Nf6 4. Nf3 h6 5. g3 c6 6. Bg2 Bd6 7. O-O Nbd7 8. b3
O-O 9. Bb2 b6 10. cxd5 exd5 11. Rc1 Re8 12. Re1 Nf8 13. Ne5 Bb7 14. f4 Rc8 15.
e3 Ne6 16. Bh3 Rc7 17. Kh1 Qe7 18. Rc2 Rec8 19. Rg1 a6 20. Na4 b5 21. Nc5 Nxc5
22. Bxc8 Bxc8 23. dxc5 Bxc5 24. Bd4 Bxd4 25. exd4 Bf5 26. Re1 Bxc2 27. Qxc2 c5
28. Nd3 cxd4 29. Qf2 Qa3 30. Re2 Re7 31. Ne5 Qc1+ 32. Kg2 Qc3 33. Rc2 Qe3 34.
Rc8+ Kh7 35. Qc2+ Qe4+ 36. Qxe4+ dxe4 0-1

[Event "Lichtenrader Herbst 2016"]
[Site "Berlin-Lichtenrade"]
[Date "2016.10.26"]
[Round "5.29"]
[White "Kutschke, Jens"]
[Black "Bergmann, Jens"]
[Result "1/2-1/2"]
[WhiteElo "2015"]
[BlackElo "1888"]
[PlyCount "102"]
[EventDate "2016.??.??"]
[WhiteTeam "SF 1903 Berlin"]
[BlackTeam "SK Tempelhof 1931"]

1. e4 d6 2. d4 g6 3. Be3 Bg7 4. Nc3 Nf6 5. Be2 c6 6. Qd2 O-O 7. O-O-O Ng4 8.
Bxg4 Bxg4 9. f3 Be6 10. Bh6 Bc4 11. Bxg7 Kxg7 12. h4 h6 13. h5 g5 14. f4 f6 15.
Nf3 Bf7 16. e5 dxe5 17. fxg5 hxg5 18. Nxg5 Qxd4 19. h6+ Kg6 20. Qxd4 exd4 21.
Nxf7 Kxf7 22. Rxd4 Rh8 23. Ne2 c5 24. Rg4 Rh7 25. Ng3 Nc6 26. Nf5 Rd8 27. c3
Rd5 28. Ne3 Rg5 29. Rxg5 fxg5 30. g4 Kg6 31. Nf5 e6 32. Nd6 b6 33. Re1 Nd8 34.
Nc8 Rc7 35. Nd6 Kxh6 36. Rh1+ Kg6 37. Rh8 Rd7 38. Ne4 Nf7 39. Rg8+ Kh6 40. Re8
e5 41. Re6+ Kg7 42. Ng3 Rd3 43. Nh5+ Kf8 44. Kc2 Rd6 45. Rxd6 Nxd6 46. Nf6 Kf7
47. Nd7 e4 48. b3 Ke6 49. Nf8+ Ke5 50. Ng6+ Kf6 51. Nf8 Ke5 1/2-1/2

[Event "Lichtenrader Herbst 2016"]
[Site "Berlin-Lichtenrade"]
[Date "2016.10.26"]
[Round "5.30"]
[White "Baranowsky, Peter"]
[Black "Arndt, Uwe"]
[Result "0-1"]
[WhiteElo "1929"]
[BlackElo "1995"]
[PlyCount "70"]
[EventDate "2016.??.??"]
[WhiteTeam "SF 1903 Berlin"]
[BlackTeam "BSV 63 Chemie Weißensee"]

1. e4 c6 2. d4 d5 3. Nc3 dxe4 4. Nxe4 Nd7 5. Bc4 e6 6. Bg5 Ngf6 7. Qe2 Be7 8.
Nxf6+ Nxf6 9. Nf3 O-O 10. O-O Qc7 11. Rfe1 b5 12. Bd3 a6 13. Ne5 Bb7 14. Ng4
Nxg4 15. Qxg4 Bxg5 16. Qxg5 Rad8 17. Re3 Rxd4 18. Rh3 f5 19. Re1 Rf6 20. Qh5 g6
21. Qg5 Qg7 22. f4 c5 23. c3 Rd7 24. c4 Bc6 25. Rhe3 Rd6 26. Qg3 Qd7 27. b3 Rf8
28. Bf1 Be4 29. h4 b4 30. h5 Qg7 31. Rxe4 fxe4 32. f5 Qd4+ 33. Kh2 exf5 34. h6
f4 35. Qg4 Rf5 0-1

[Event "Lichtenrader Herbst 2016"]
[Site "Berlin-Lichtenrade"]
[Date "2016.10.26"]
[Round "5.73"]
[White "Ilic, Zoran S"]
[Black "Chojnowski, Marcin"]
[Result "1-0"]
[WhiteElo "2283"]
[BlackElo "2012"]
[PlyCount "33"]
[EventDate "2016.??.??"]
[WhiteTeam "ohne Verein"]
[BlackTeam "Cross Warszawa"]

1. d4 Nf6 2. Nf3 c5 3. d5 b5 4. Bg5 e6 5. e4 Qa5+ 6. Qd2 Qxd2+ 7. Nbxd2 exd5 8.
Bxf6 gxf6 9. exd5 Bb7 10. Bxb5 Bxd5 11. O-O-O Bh6 12. Rhe1+ Be6 13. Kb1 f5 14.
Nb3 O-O 15. Nxc5 Rd8 16. Nxe6 fxe6 17. Rxe6 1-0

[Event "Lichtenrader Herbst 2016"]
[Site "Berlin-Lichtenrade"]
[Date "2016.10.27"]
[Round "6.1"]
[White "Inkiov, Ventzislav"]
[Black "Chatalbashev, Boris"]
[Result "0-1"]
[WhiteElo "2436"]
[BlackElo "2534"]
[PlyCount "98"]
[EventDate "2016.??.??"]
[BlackTeam "SV Würselen"]

1. e4 g6 2. d4 Bg7 3. Nc3 c6 4. Nf3 d6 5. Be2 Nf6 6. O-O O-O 7. h3 Nbd7 8. Be3
e5 9. dxe5 dxe5 10. Qd6 Ne8 11. Qd2 Nc7 12. Bc4 Nb6 13. Qxd8 Rxd8 14. Bb3 Be6
15. Rfd1 Rxd1+ 16. Rxd1 Bxb3 17. cxb3 Ne6 18. a4 Re8 19. a5 Nc8 20. Rd7 b6 21.
a6 Re7 22. Rb7 Nc7 23. b4 Nxa6 24. Rxe7 Nxe7 25. b5 Nb4 26. Nd2 f5 27. Bg5 Kf8
28. Nc4 h6 29. Bxe7+ Kxe7 30. bxc6 Nxc6 31. f3 Ke6 32. Kf1 Bf8 33. Ke2 Nd4+ 34.
Kd3 b5 35. Ne3 a6 36. Ned5 Bd6 37. b4 Nc6 38. Na2 h5 39. Kc3 Ne7 40. Nxe7 Kxe7
41. Nc1 Kf6 42. Ne2 f4 43. Kb3 Kg5 44. Kc3 Kh4 45. Kb3 g5 46. Kc3 g4 47. hxg4
hxg4 48. fxg4 Kxg4 49. Kb3 Bf8 0-1

[Event "Lichtenrader Herbst 2016"]
[Site "Berlin-Lichtenrade"]
[Date "2016.10.27"]
[Round "6.2"]
[White "Stefansson, Hannes"]
[Black "Karpatchev, Aleksandr"]
[Result "1/2-1/2"]
[WhiteElo "2571"]
[BlackElo "2463"]
[PlyCount "55"]
[EventDate "2016.??.??"]
[WhiteTeam "Reykjavik"]
[BlackTeam "SF Bad Mergentheim"]

1. e4 e5 2. Nf3 Nc6 3. Bb5 a6 4. Ba4 Nf6 5. O-O b5 6. Bb3 Bb7 7. d3 Be7 8. Re1
O-O 9. Nbd2 d6 10. a3 Nd4 11. Ba2 c5 12. Nf1 Bc8 13. b4 Nc6 14. c3 Be6 15. Bxe6
fxe6 16. Bb2 Qd7 17. Ng3 Bd8 18. Qd2 Bb6 19. d4 cxd4 20. cxd4 exd4 21. Nxd4 Ne5
22. h3 Nc4 23. Qe2 d5 24. e5 Ne4 25. Nxe4 dxe4 26. Rad1 Nxb2 27. Qxb2 Qd5 28.
Nf5 1/2-1/2

[Event "Lichtenrader Herbst 2016"]
[Site "Berlin-Lichtenrade"]
[Date "2016.10.27"]
[Round "6.4"]
[White "Asenov, Pavel"]
[Black "Teske, Henrik"]
[Result "0-1"]
[WhiteElo "2207"]
[BlackElo "2482"]
[PlyCount "76"]
[EventDate "2016.??.??"]
[WhiteTeam "Witny"]
[BlackTeam "SV Empor Erfurt"]

1. d4 Nf6 2. c4 e6 3. Nc3 Bb4 4. e3 b6 5. Nge2 Bb7 6. a3 Be7 7. d5 O-O 8. Ng3
d6 9. Be2 Nbd7 10. O-O c6 11. e4 cxd5 12. cxd5 exd5 13. exd5 Rc8 14. Re1 Re8
15. Nf5 Bf8 16. Bg5 Re5 17. Bxf6 Nxf6 18. Ne3 g6 19. Qa4 a6 20. Rad1 b5 21. Qb4
Rc5 22. Qb3 Qe7 23. Bf3 h5 24. h3 Bg7 25. a4 bxa4 26. Qxa4 Bc8 27. Kf1 Qc7 28.
Nc2 Nd7 29. Nb4 Rxe1+ 30. Rxe1 Bxc3 31. bxc3 Ne5 32. Qe8+ Kg7 33. Nc6 Bd7 34.
Qe7 Bxc6 35. Qxc7 Bb5+ 36. Be2 Rxc7 37. Bxb5 axb5 38. Rb1 Rc5 0-1

[Event "Lichtenrader Herbst 2016"]
[Site "Berlin-Lichtenrade"]
[Date "2016.10.27"]
[Round "6.5"]
[White "Kasparov, Sergey"]
[Black "Ilic, Zoran S"]
[Result "0-1"]
[WhiteElo "2470"]
[BlackElo "2283"]
[PlyCount "86"]
[EventDate "2016.??.??"]
[BlackTeam "ohne Verein"]

1. e4 c5 2. Nf3 e6 3. d4 cxd4 4. Nxd4 Nc6 5. Nb5 d6 6. c4 Nf6 7. N1c3 a6 8. Na3
b6 9. Be2 Bb7 10. Be3 Ne5 11. f4 Ned7 12. Bf3 Be7 13. O-O O-O 14. Qe2 Re8 15.
Rad1 Qc7 16. Nab1 h6 17. Rc1 Rac8 18. Nd2 Qb8 19. Bf2 Bc6 20. a4 Bf8 21. Rfe1
Red8 22. Rcd1 Be7 23. h3 Bf8 24. Kh1 Nc5 25. Ra1 Be7 26. b4 Ncd7 27. Reb1 Bb7
28. Rc1 a5 29. bxa5 bxa5 30. Rab1 Qa8 31. Rxb7 Qxb7 32. Rb1 Qa6 33. e5 dxe5 34.
Bb7 Qd6 35. Nb5 Qb8 36. Na7 Rc7 37. Bc6 Bb4 38. fxe5 Nh7 39. Qe3 Nhf8 40. Nf3
Ng6 41. Be4 Ndxe5 42. Nxe5 Nxe5 43. Qg3 Rxc4 0-1

[Event "Lichtenrader Herbst 2016"]
[Site "Berlin-Lichtenrade"]
[Date "2016.10.27"]
[Round "6.6"]
[White "Ahmadinia, Ebrahim"]
[Black "Heinig, Wolfram"]
[Result "0-1"]
[WhiteElo "2370"]
[BlackElo "2277"]
[PlyCount "104"]
[EventDate "2016.??.??"]
[WhiteTeam "SF Berlin 1903 e.V."]
[BlackTeam "SK Zehlendorf e.V."]

1. e4 c5 2. Nf3 e6 3. b3 Nc6 4. Bb2 d6 5. d4 cxd4 6. Nxd4 Nxd4 7. Qxd4 Nf6 8.
Nc3 Be7 9. O-O-O a6 10. f3 Bd7 11. g4 Bc6 12. h4 Qa5 13. g5 Nh5 14. Bh3 e5 15.
Qe3 Nf4 16. Kb1 h6 17. gxh6 Rxh6 18. h5 Rxh5 19. Bg4 Rh4 20. Rxh4 Bxh4 21. Ne2
Bg5 22. Nxf4 Bxf4 23. Qf2 Qc7 24. Rh1 Ke7 25. Qh4+ g5 26. Qh7 Bd7 27. Bxd7 Qxd7
28. Qg7 Rf8 29. Ba3 Rd8 30. Rh6 Qe8 31. Qf6+ Kd7 32. Rh7 Kc6 33. Bc1 Rd7 34.
Qh6 Qe6 35. Qf8 Bxc1 36. Kxc1 Qf6 37. Kb2 Qxf3 38. Rh6 Qxe4 39. Qg8 Rc7 40.
Qe8+ Kc5 41. Qd8 Qd4+ 42. Kb1 Kc6 43. a4 g4 44. a5 g3 45. Qe8+ Kc5 46. Qb8 Kc6
47. Qe8+ Kd5 48. c4+ Kc5 49. Kc2 Qf2+ 50. Kd3 Qf1+ 51. Kd2 Qf4+ 52. Kc3 Qe3+
0-1

[Event "Lichtenrader Herbst 2016"]
[Site "Berlin-Lichtenrade"]
[Date "2016.10.27"]
[Round "6.7"]
[White "Gruzmann, Boris"]
[Black "Bruedigam, Martin"]
[Result "0-1"]
[WhiteElo "2253"]
[BlackElo "2408"]
[PlyCount "106"]
[EventDate "2016.??.??"]
[WhiteTeam "Lübecker SV"]
[BlackTeam "SK König Tegel"]

1. e4 e5 2. Nf3 Nc6 3. Bb5 a6 4. Ba4 Nf6 5. O-O Be7 6. Re1 b5 7. Bb3 d6 8. c3
O-O 9. d4 Bg4 10. d5 Na5 11. Bc2 Qc8 12. Nbd2 c6 13. dxc6 Qxc6 14. h3 Bd7 15.
Nf1 Rfc8 16. Ne3 Nc4 17. Nxc4 bxc4 18. Nh2 Rab8 19. Nf1 Bd8 20. Qf3 Be6 21. Ne3
Bb6 22. Nf5 Qd7 23. g4 Ne8 24. Rd1 Bc5 25. Rb1 a5 26. Bg5 f6 27. Be3 Bxe3 28.
Qxe3 g6 29. Ng3 Rb7 30. Rd2 Rcb8 31. Bd1 Rb6 32. f4 exf4 33. Qxf4 Qb5 34. Ne2
Qe5 35. Kf2 Nc7 36. Qxe5 dxe5 37. Ba4 Na6 38. Bd7 Bf7 39. a4 Nc5 40. Ke3 Rd8
41. Bb5 Rxd2 42. Kxd2 Nxe4+ 43. Kc2 Nd6 44. Rf1 Nxb5 45. axb5 Kg7 46. Ng3 Bd5
47. h4 Rxb5 48. g5 f5 49. h5 f4 50. h6+ Kf7 51. Ne2 Be4+ 52. Kc1 Bd3 53. Rf2
Bxe2 0-1